000 00689cab a2200169 4500
001 L131012
008 050727n2005 000 0 eng u
035 _a(Sirsi) u131012
041 0 _aeng
245 0 0 _aRegional: City and City fringe
260 _c2005
490 0 _aProperty Week
_v70(37) 16 September 2005, 69-90(10)
520 _aRegional report focusing on offices and retail in the City of London. Examines: development in Cheapside; investment in the area, focusing in particular on German investors; regeneration in Dalston; and the occupational market in the City.
590 _aIKA270905
690 _aPROPERTY-COMMERCIAL PROPERTY-COMMERCIAL PROPERTY MARKET
942 _n0
999 _c104617
_d104617